Přírodověda pro 3. ročník základních škol pokusný učební text 1

Bibliographic Details
Format: Book
Language:English
PhysicalDescription:48 s.
Published: Praha Státní pedagogické nakladatelství 1975
Edition:1 vyd.

MARC

LEADER 00000nam a2200000 a 4500
001 vtls010480728
003 SK-MaSNL
005 20260224125007.0
008 160430 000 0 eng
040 |a SNK  |b slo  |c SNK  |e AACR2 
245 1 |a Přírodověda pro 3. ročník základních škol  |b pokusný učební text 1 
250 |a 1 vyd. 
260 |a Praha  |b Státní pedagogické nakladatelství  |c 1975 
300 |a 48 s. 
999 |c 1010331  |d 1012261 
952 |a SNK  |b SNK  |y VYP  |7 0  |p 17A1053542  |o snkIB 33570/1  |i snkKIP 10775/75  |3 Rekatalogizácia  |0 0  |1 0  |4 0  |d 2013-01-02  |l 0  |r 2026-02-24 12:50:07  |w 2026-02-24